| 000 | 01023nam a2200253 u 4500 | ||
|---|---|---|---|
| 001 | 000278894 | ||
| 003 | AM-YeHGA | ||
| 005 | 20250618071829.0 | ||
| 008 | 031103s1962 ai r 000 0 arm d | ||
| 040 | _aAM-YeHGA | ||
| 041 | 0 | _aarm | |
| 100 | 1 |
_aՍիմոնյան, Կարեն Արամի, _d1936-2018 _98967 |
|
| 245 | 1 | 0 |
_aԵրկրորդ արևը : _b[Վիպակներ] / _cԿ.Ա. Սիմոնյան; Խմբ.՝ Վ.Հ. Խեչումյան; Նկ.՝ Ս. Ստեփանյան. |
| 246 | 1 | 3 | _aՓոքր առյուծի Ադամը |
| 246 | 1 | 3 | _aՎալտեր Բուշ |
| 260 |
_aԵրևան : _bՀայպետհրատ, _c1962. |
||
| 300 |
_a262 էջ : _bնկ. ; _c21 սմ. |
||
| 500 | _aՆվիրում եմ նկարիչ Ս. Ստեփանյանին | ||
| 650 | 1 | 4 |
_aՀայ գրականություն _xՎիպակ |
| 700 | 1 |
_aՍտեփանյան, Սուրեն Շավարշի, _d1915-1977 _eնկ. _4art _91781 |
|
| 700 | 1 |
_aԽեչումյան, Վիգեն Հայկի, _d1916-1975 _eխմբ. _4edt _91472 |
|
| 942 |
_2udc _cBK |
||
| 090 | _c103197 | ||
| 999 |
_c101878 _d101878 |
||